Estrategia y gestión de la información corporativa : Los retos en una economía en red
| Main Authors: | , , |
|---|---|
| Format: | Section = Libro |
| Language: | Undetermined Spanish |
| Published: |
España
México
2004
|
| Edition: | 6a.ed |
| Subjects: |
| LEADER | 00755nam a2200253Ia 4500 | ||
|---|---|---|---|
| 008 | 240830s9999 xx 000 0 und d | ||
| 020 | |a 84-481-4098-2 | ||
| 040 | |a B-ESTELÍ- RUACS / 303.4 A648 | ||
| 041 | |a spa | ||
| 082 | |a 303.4 A648 | ||
| 100 | 1 | |a Applegate, Linda M | |
| 100 | 1 | |b Austin, Robert D | |
| 100 | 1 | |c Mcfarlan, F Warren | |
| 245 | 1 | 0 | |a Estrategia y gestión de la información corporativa : Los retos en una economía en red |
| 250 | |a 6a.ed | ||
| 260 | |a España |b México |c 2004 | ||
| 300 | |a 317 p:il | ||
| 650 | 7 | |a ESTRATEGIAS Y GESTION | |
| 650 | 7 | |b RETOS DE GESTION | |
| 650 | 7 | |c CONSTRUCCION DE UNA ECONOMIA EN RED | |
| 650 | 7 | |d CREACION DE VENTAJAS DE EMPRESAS CON TI | |
| 942 | |c BK |2 ddc | ||
| 991 | |a TEXTO | ||
| 999 | |c 10662 | ||